| 000 | 00803nam a22002657a 4500 | ||
|---|---|---|---|
| 001 | 4000 | ||
| 003 | FISKH | ||
| 005 | 20240529152651.0 | ||
| 008 | 240529b cb ||||| |||| 00| 0 eng d | ||
| 020 | _a0590162527 | ||
| 040 |
_aFISKH _beng _cFISKH _dFISKH |
||
| 050 | _aQL49.B476 | ||
| 082 | _a590 | ||
| 100 | _aBernard, Robin | ||
| 245 |
_aAmazing animals / _cby Robin Bernard |
||
| 260 |
_aNew York : _bScholastic, _c1996. |
||
| 300 |
_a16 pages : _bcolor illustrations ; _c23 cm |
||
| 505 | _aG | ||
| 520 | _aPictures and a short text spotlight animal's eyes, ears, noses, teeth, tongues, body covers, and feet. | ||
| 521 | 8 |
_a410
_bLexile estimate |
|
| 521 | 8 |
_aG
_bRaz-Plus |
|
| 650 |
_aAnimals _vMammals _xScience _yBody parts |
||
| 942 |
_2ddc _cBK _n0 |
||
| 999 |
_c4000 _d4000 |
||